Provincial Medical & Surgical Journal (1840-1842)

محفوظ في:

التنسيق: دورية

اللغة: Undetermined

منشور في: JSTOR
BMJ

الموضوعات:

الوصول للمادة أونلاين: Login to view Source

الوسوم: إضافة وسم

لا توجد وسوم, كن أول من يضع وسما على هذه التسجيلة!

رقم الطلب:

LEADER 00499nas a2200157Ia 4500
008 220214c99999999xx |||||||||||| ||und||
022 |a 2041-9953 
245 0 0 |a Provincial Medical & Surgical Journal (1840-1842) 
264 1 |b JSTOR 
264 1 |b BMJ 
362 0 |a Vol. 1(1840)-3 (1842) 
653 1 0 |a Medicine & Allied Health 
856 4 0 |u https://www.jstor.org/journal/provmedsurgj1840 
942 |c JL 
952 |0 0  |1 0  |4 0  |7 1  |9 36793  |a JSR  |b JSR  |d 2022-02-14  |l 0  |r 2022-02-14 00:00:00  |w 2022-02-14  |y JL 
999 |c 45125  |d 45125